Catálogo
 En Linea

El cristiano evangélico y la política lo que usted debe saber. / (Registro nro. 47292)

Detalles MARC
000 -CABECERA
campo de control de longitud fija 00511nam a2200157 a 4500
001 - NÚMERO DE CONTROL
campo de control 000047804
005 - FECHA Y HORA DE LA ÚLTIMA TRANSACCIÓN
campo de control 20201002060739.0
008 - DATOS DE LONGITUD FIJA--INFORMACIÓN GENERAL
campo de control de longitud fija 180810s2004 dr a 000 spa d
040 ## - FUENTE DE LA CATALOGACIÓN
Centro catalogador/agencia de origen DO-SdBNP
Lengua de catalogación spa
Centro/agencia transcriptor BNPHU
082 ## - NÚMERO DE LA CLASIFICACIÓN DECIMAL DEWEY
Número de clasificación J831c
100 1# - ENTRADA PRINCIPAL--NOMBRE DE PERSONA
Nombre de persona Joseoh Espinosa, Teófilo Ml.
9 (RLIN) 75391
245 #3 - MENCIÓN DE TÍTULO
Título El cristiano evangélico y la política lo que usted debe saber. /
Mención de responsabilidad, etc. Teófilo Ml. Joseph Espinosa.
260 ## - PUBLICACIÓN, DISTRIBUCIÓN, ETC.
Lugar de publicación, distribución, etc. Santo Domingo :
Nombre del editor, distribuidor, etc. [s.l],
Fecha de publicación, distribución, etc. [s.f.].
300 ## - DESCRIPCIÓN FÍSICA
Extensión 374 p. :
Otras características físicas il ;
Dimensiones 25 cm.
590 ## - NOTA LOCAL (RLIN)
Nota local Inventariado, 2018/DG
Existencias
Estado de retiro Estado de pérdida No para préstamo Código de colección Localización permanente Ubicación/localización actual Ubicación en estantería Fecha de adquisición Número de inventario Total de préstamos Signatura topográfica completa Código de barras Fecha visto por última vez Precio válido a partir de Tipo de ítem Koha
    Excluido de préstamo Patrimonio Dominicano Patrimonio Dominicano Patrimonio Dominicano Depósito 10.08.2018 LF1   J831c 47804-10 25.06.2020 25.06.2020 Libro y Folleto Colección Patrimonio Dominicano
    Excluido de préstamo Patrimonio Dominicano Patrimonio Dominicano Patrimonio Dominicano Depósito 10.08.2018 LF1   J831c 47804-20 25.06.2020 25.06.2020 Libro y Folleto Colección Patrimonio Dominicano

Con tecnología Koha